| 000 | 00382nam a2200133Ia 4500 | ||
|---|---|---|---|
| 008 | 151015s9999 xx 000 0 und d | ||
| 020 | _a9966773231 | ||
| 050 | _aPL 8707 .W 2007 | ||
| 245 | _aWamitila K. W. | ||
| 250 | _a_Shingo ya Mbunge na Hadithi Nyingine / K W. Wamitila | ||
| 300 | _aNairobi : Vide-Muwa, 2007 | ||
| 650 | _a_Fasihi | ||
| 700 | _a^d20110329 04:51:59^okilerai | ||
| 999 |
_c1662 _d1662 |
||